000 00447nam a2200181Ia 4500
001 23846
005 20260414151005.0
008 260414t2008||||xx |||||||||||||| ||spa||
041 _aESP
082 _a720.284
_bS29
100 _aSchank Smith, Kendra
_eAUT
245 0 _aArchitects' sketches :
_bdialogue and design
260 _c2008
300 _axi, 138 páginas :
_c28 cm.
650 _aABD
654 _aCAU
942 _cLIB
_dJUS
_fJUS
_2ddc
_n
999 _c23846
_d23846